[Event "Sonderjysk EMT Mesterklassen 2015"]
[Site "Vojens"]
[Date "2015.06.13"]
[Round "7"]
[White "Bjornskov, Kai Christian"]
[Black "Hermannsen, Allan Schmidt"]
[Result "1/2-1/2"]
[WhiteElo "2080"]
[BlackElo "2055"]
[PlyCount "29"]
[EventDate "2015.??.??"]

1. f4 c5 2. Nf3 Nc6 3. b3 Nf6 4. Bb2 g6 5. e3 Bg7 6. Bb5 Qb6 7. Bxc6 Qxc6 8.
O-O O-O 9. c4 d6 10. d3 a6 11. a4 b6 12. Qe2 Bb7 13. Nc3 Rfe8 14. Rac1 e6 15.
e4 1/2-1/2

[Event "Sonderjysk EMT Mesterklassen 2015"]
[Site "Vojens"]
[Date "2015.06.13"]
[Round "7"]
[White "Kjaergaard Jensen, Jesper"]
[Black "Murtuzov, Rauf"]
[Result "1/2-1/2"]
[WhiteElo "2052"]
[BlackElo "2107"]
[PlyCount "138"]
[EventDate "2015.??.??"]

1. d4 Nf6 2. Nf3 g6 3. c3 Bg7 4. Bg5 d6 5. Nbd2 O-O 6. e4 c5 7. dxc5 dxc5 8.
Bc4 Nc6 9. Qe2 a6 10. a4 Bg4 11. h3 Bxf3 12. Nxf3 h6 13. Bd2 e5 14. O-O Re8 15.
Be3 Na5 16. Ba2 Qe7 17. Nd2 Kh8 18. b4 cxb4 19. cxb4 Nc6 20. Bc5 Nd4 21. Qc4
Qe6 22. Qd3 Qd7 23. Nc4 Rad8 24. Nb6 Qc7 25. Rac1 Ne6 26. Nd5 Nxd5 27. exd5 Nf4
28. Qe4 f5 29. d6 Qxc5 30. Qxf4 Qxd6 31. Qg3 Kh7 32. Bf7 Re7 33. Qb3 Qf6 34.
Bc4 e4 35. Rfd1 Red7 36. Rxd7 Rxd7 37. b5 a5 38. Bg8+ Kh8 39. Be6 Rd8 40. Qc4
Qe7 41. Bf7 Kh7 42. b6 Rd6 43. Qb3 Qd8 44. Rc7 Rd1+ 45. Kh2 Be5+ 46. g3 Bxc7
47. bxc7 Qxc7 48. Bxg6+ Kxg6 49. Qxd1 Qb6 50. Kg2 Qc6 51. Kg1 Kf6 52. Qd8+ Ke6
53. Qxa5 b6 54. Qd2 Ke5 55. Qf4+ Kd4 56. Qxf5 Qxa4 57. Qf6+ Kc5 58. Qxh6 b5 59.
Qg5+ Kb6 60. Qd8+ Kc5 61. Qc7+ Kb4 62. Qe7+ Kc3 63. Qe5+ Kb3 64. Qd5+ Ka3 65.
h4 Qc4 66. Qa8+ Kb2 67. h5 b4 68. h6 Qc1+ 69. Kg2 Qxh6 1/2-1/2

[Event "Sonderjysk EMT Mesterklassen 2015"]
[Site "Vojens"]
[Date "2015.06.13"]
[Round "7"]
[White "Murtuzov, Mubariz"]
[Black "Hye, Allan"]
[Result "0-1"]
[WhiteElo "2007"]
[BlackElo "1961"]
[PlyCount "125"]
[EventDate "2015.??.??"]

1. e4 c6 2. d4 d5 3. e5 Bf5 4. Be3 e6 5. c3 Ne7 6. Nd2 Nd7 7. Ngf3 Bg4 8. Qb3
Qc7 9. Bd3 Nf5 10. O-O Nxe3 11. fxe3 f6 12. e4 O-O-O 13. exd5 exd5 14. Qa4 Kb8
15. Kh1 Be7 16. Rae1 Rhe8 17. Qc2 fxe5 18. dxe5 Bf8 19. Bf5 Bxf5 20. Qxf5 g6
21. Qg5 Nc5 22. Qe3 Ne6 23. b4 Bg7 24. Nb3 Re7 25. Nbd4 Rde8 26. Re2 a6 27.
Rfe1 Rf8 28. Nxe6 Rxe6 29. Qd4 Rf5 30. Kg1 g5 31. a4 Rf4 32. Qe3 h6 33. g3 Rf8
34. b5 g4 35. Nh4 Rxe5 36. Qc5 Rxe2 37. Rxe2 Qf7 38. Re1 Qf6 39. bxa6 Qxc3 40.
Qe7 Qb2 41. Qd6+ Ka7 42. Qc5+ Kxa6 43. Rd1 Qb6 44. Qxb6+ Kxb6 45. Ng6 Re8 46.
Nf4 d4 47. Rb1+ Kc7 48. Kf2 c5 49. Rc1 Kc6 50. h4 gxh3 51. Nxh3 Be5 52. Ng1 Kd5
53. Nf3 Rf8 54. Ke2 Bxg3 55. Rh1 Re8+ 56. Kd2 c4 57. Rh5+ Ke4 58. Ng1 Bf4+ 59.
Ke2 Rf8 60. Kd1 Be5 61. Rh4+ Kd5 62. Rh5 Ke6 63. a5 0-1